01005nac a22002411u 4500010001600000020003300016082001800049090001500067100003400082245006400116260005100180300003600231500002700267504005100294511002800345650003600373650003800409856008600447856007400533942002000607999001500627952012100642 a 97009582 a0120959704 (acid-free paper)00a658.4038bBID c6010d6010 aBidgoli, Hossein. 10aModern information systems for managers /cHossein Bidgoli. aSan Diego, CA :bAcademic Press,c1997.cc1997. axxvii, 438 p. :bill. ;c24 cm. aDistributer: Al-Ahram. aIncludes bibliographical references and index. aCatalogued By: Mahitab. 0aManagement information systems. 0aInformation resources management.423Publisher descriptionuhttp://www.loc.gov/catdir/description/els032/97009582.html423Table of contentsuhttp://www.loc.gov/catdir/toc/els032/97009582.html cBBk658.4038BID c6010d6010 00104070aMAINbMAINc1STd2011-11-07ePurchasel2m1o658.4038BIDp000006961r2025-07-15 00:00:00s2015-03-25yBB